Statistics for AK’s General Knowledge A-Z #45

Click here to take the quiz!

General Stats

  • This quiz has been taken 268 times
  • The average score is 18 of 26

Answer Stats

HintAnswer% Correct
I – place to buy Swedish furniture; the name is an acronym for the founder’s initials, his family's farm and the village where he grew up inIKEA
95%
D – not duchess, but jazz orchestra leader EllingtonDuke
94%
K – Muppet character ______ the FrogKermit
93%
R – to move gently back and forth, or something an aspiring geologist might collectRock
93%
T – 1982 album by Michael Jackson, the best-selling album of all timeThriller
92%
F – is “poisson” in French, or Pisces in astrologyFish
91%
E – currency of Lithuania and LuxembourgEuro
90%
C – to recite numbers in sequence, or The ____ of Monte CristoCount
88%
U – command included in most software programs to reverse an actionUndo
87%
S – in various sports, a block that prevents an opponent from scoring, or what was being done to Private RyanSave
86%
V – a palace near Paris, used by Napoleon as a summer residenceVersailles
86%
G – a lizard, or the anti-hero in Wall StreetGekko
80%
Y – the quantity of something produced, or to surrenderYield
78%
M – she stepped on her executioner’s foot on her way to the guillotine and apologisedMarie Antoinette
77%
H – don’t put the cart before thisHorse
76%
X – warrior princess in TV and video games; played by Lucy Lawless in 1995–2001Xena
74%
J – a task, or biblical figure beset with horrendous disastersJob
73%
B – Harald who united the tribes of Denmark into a single kingdom, or technology that unites devicesBluetooth
61%
Z – the westernmost province of the Netherlands; consists of islands and peninsulasZeeland
57%
O – the tallest mountain in the Solar SystemOlympus Mons (Mars)
51%
A – largest capital city in the world by surface areaAnkara
35%
N – host of the 1998 Winter OlympicsNagano
33%
W – a disputed territory of which about 20% is controlled by the self-proclaimed Sahrawi Arab Democratic RepublicWestern Sahara
31%
P – fairly, quite, or what hurts BeyoncéPretty
29%
Q – _________ Roo, a Mexican state on the eastern part of the Yucatán PeninsulaQuintana
17%
L – Stanisław who wrote SolarisLem
10%

Score Distribution

Percentile by Number Answered

Percent of People with Each Score

Your Score History

You have not taken this quiz